[Event "GER-chT U16"]
[Site "Naumburg"]
[Date "2012.12.29"]
[Round "6"]
[White "Bach, Marc Andre"]
[Black "Moenius, Oliver"]
[Result "1/2-1/2"]
[WhiteElo "1604"]
[BlackElo "1331"]
[PlyCount "76"]
[EventDate "2012.12.27"]
[EventType "team-swiss"]
[EventRounds "7"]
[EventCountry "GER"]
[SourceTitle "EXT 2014"]
[Source "ChessBase"]
[SourceDate "2013.11.20"]
[SourceVersion "1"]
[SourceVersionDate "2013.11.20"]
[SourceQuality "1"]
[WhiteTeam "Trier"]
[BlackTeam "Hoechstadt/Aisch"]
[WhiteTeamCountry "GER"]
[BlackTeamCountry "GER"]

1. e4 d6 2. d4 Nf6 3. Nc3 g6 4. Nf3 Bg4 5. Be2 Bg7 6. Be3 Nbd7 7. h3 Bxf3 8. Bxf3 e5 9. d5 Nb6 10. Be2 Qd7 11. Qd2 0-0 12. Bh6 Rfd8 13. Bxg7 Kxg7 14. h4 Qe7 15. h5 c6 16. hxg6 fxg6 17. dxc6 bxc6 18. Rd1 d5 19. Qg5 Kf7 20. a3 d4 21. Nb1 Rh8 22. Nd2 Nfd7 23. Qg3 Qf6 24. Nf3 h6 25. Nd2 Rag8 26. Nc4 Ke7 27. Nd2 g5 28. Bg4 Qf4 29. Qxf4 exf4 30. f3 Ne5 31. Bf5 d3 32. c4 Rd8 33. b3 c5 34. Nf1 Rd6 35. Kd2 Rhd8 36. Kc3 a5 37. a4 Rb8 38. Nd2 Rbd8 1/2-1/2

[Event "GER-chT U16"]
[Site "Naumburg"]
[Date "2012.12.28"]
[Round "4"]
[White "Fesselier, Melissa"]
[Black "Bach, Marc Andre"]
[Result "1-0"]
[WhiteElo "1812"]
[BlackElo "1604"]
[PlyCount "97"]
[EventDate "2012.12.27"]
[EventType "team-swiss"]
[EventRounds "7"]
[EventCountry "GER"]
[SourceTitle "EXT 2014"]
[Source "ChessBase"]
[SourceDate "2013.11.20"]
[SourceVersion "1"]
[SourceVersionDate "2013.11.20"]
[SourceQuality "1"]
[WhiteTeam "Baden-Baden"]
[BlackTeam "Trier"]
[WhiteTeamCountry "GER"]
[BlackTeamCountry "GER"]

1. e4 e6 2. d4 d5 3. e5 c5 4. c3 Nc6 5. Nf3 Qb6 6. a3 Be7 7. Bd3 Bd7 8. Bc2 cxd4 9. cxd4 f6 10. Nc3 fxe5 11. Nxe5 Nxe5 12. dxe5 g6 13. Qg4 Qc7 14. Qg3 d4 15. Bxg6+ hxg6 16. Qxg6+ Kf8 17. Ne2 Qxe5 18. Bf4 Qf6 19. Qg3 Qh4 20. Qb3 b6 21. Qf3 Bc6 22. Qxc6 Re8 23. Qf3 Qf6 24. Qg3 Rh5 25. Qf3 Rf5 26. g4 Re5 27. Qg3 Rd5 28. Rd1 e5 29. Bc1 Bd6 30. g5 Qg6 31. Qf3+ Qf7 32. Qxf7+ Kxf7 33. Nc3 Rc5 34. Ne4 Rc6 35. h4 Bf8 36. h5 Ne7 37. Rh3 Rec8 38. Rf3+ Kg7 39. h6+ Kh8 40. Bd2 Ng6 41. Rf7 R8c7 42. Rxc7 Rxc7 43. Rc1 Rxc1+ 44. Bxc1 Be7 45. Ke2 Nf8 46. Kd3 Kh7 47. Kc4 Kg6 48. Kd5 Kf5 49. f3 1-0

[Event "GER-chT U16"]
[Site "Naumburg"]
[Date "2012.12.27"]
[Round "2"]
[White "Zoller, Philipp"]
[Black "Bach, Marc Andre"]
[Result "0-1"]
[WhiteElo "1473"]
[BlackElo "1604"]
[PlyCount "100"]
[EventDate "2012.12.27"]
[EventType "team-swiss"]
[EventRounds "7"]
[EventCountry "GER"]
[SourceTitle "EXT 2014"]
[Source "ChessBase"]
[SourceDate "2013.11.20"]
[SourceVersion "1"]
[SourceVersionDate "2013.11.20"]
[SourceQuality "1"]
[WhiteTeam "Unterkochen"]
[BlackTeam "Trier"]
[WhiteTeamCountry "GER"]
[BlackTeamCountry "GER"]

1. e4 e6 2. d3 d5 3. Nd2 Nf6 4. Ngf3 c5 5. g3 Nc6 6. Bg2 Be7 7. 0-0 b6 8. Re1 Bb7 9. Nf1 dxe4 10. dxe4 Qxd1 11. Rxd1 Nxe4 12. Bf4 0-0 13. Re1 Nd6 14. Ne3 Rad8 15. Rad1 Rfe8 16. c3 Rd7 17. Ng4 Rdd8 18. Nge5 Nxe5 19. Nxe5 Bxg2 20. Kxg2 Rc8 21. Re2 f6 22. Nf3 e5 23. Be3 Rcd8 24. Nd2 Nc4 25. b3 Nxd2 26. Bxd2 Rd7 27. Rde1 Red8 28. Be3 Kf7 29. f4 Bd6 30. fxe5 Bxe5 31. c4 Re8 32. Kf3 Rde7 33. Bf2 Bc3 34. Rxe7+ Rxe7 35. Rd1 Ke6 36. Kf4 Be5+ 37. Ke4 Rd7 38. Rxd7 Kxd7 39. Kd5 g6 40. Bg1 h5 41. Bf2 h4 42. g4 h3 43. Bg1 g5 44. Ke4 Ke6 45. Kf3 Bf4 46. Ke4 Bd6 47. Kf3 f5 48. gxf5+ Kxf5 49. Ke3 Be5 50. Kf3 g4+ 0-1

[Event "Rheinland Pfalz op 4th"]
[Site "Altenkirchen"]
[Date "2012.06.07"]
[Round "2"]
[White "Bach, Marc Andre"]
[Black "Lutz, Bernhard"]
[Result "0-1"]
[WhiteElo "1714"]
[BlackElo "2289"]
[PlyCount "54"]
[EventDate "2012.06.07"]
[EventType "swiss"]
[EventRounds "7"]
[EventCountry "GER"]
[SourceTitle "CBM 148 Extra"]
[Source "ChessBase"]
[SourceDate "2012.06.22"]
[SourceVersion "1"]
[SourceVersionDate "2012.06.22"]
[SourceQuality "1"]

1. e4 c5 2. Nc3 Nc6 3. g3 g6 4. Bg2 Bg7 5. Nge2 d6 6. d3 e6 7. Be3 Nd4 8. 0-0 Rb8 9. f4 Ne7 10. Qd2 0-0 11. a3 b5 12. b4 Nxe2+ 13. Nxe2 Bxa1 14. Rxa1 cxb4 15. Bxa7 Ra8 16. Bd4 Nc6 17. axb4 Rxa1+ 18. Bxa1 e5 19. Qc3 Qb6+ 20. Kf1 Bg4 21. Qe1 Qe3 22. Bc3 Ra8 23. h3 Bxe2+ 24. Qxe2 Qxg3 25. fxe5 dxe5 26. Qf2 Qxf2+ 27. Kxf2 Ra2 0-1

[Event "GER-chT U14"]
[Site "Lingen"]
[Date "2011.12.29"]
[Round "5.4"]
[White "Bach, Marc Andre"]
[Black "Artz, Tobias"]
[Result "1/2-1/2"]
[WhiteElo "1714"]
[BlackElo "1388"]
[PlyCount "70"]
[EventDate "2011.12.27"]
[EventType "team-swiss"]
[EventRounds "7"]
[EventCountry "GER"]
[SourceTitle "EXT 2022"]
[Source "ChessBase"]
[SourceDate "2021.10.06"]
[SourceVersion "1"]
[SourceVersionDate "2021.10.06"]
[SourceQuality "1"]
[WhiteTeam "Trier SG U14"]
[BlackTeam "Goeggingen U14"]
[WhiteTeamCountry "GER"]
[BlackTeamCountry "GER"]

1. e4 e5 2. Nf3 Nc6 3. Bc4 Bc5 4. c3 d6 5. d4 exd4 6. cxd4 Bb4+ 7. Bd2 Bxd2+ 8. Nbxd2 Bg4 9. Qc2 Nge7 10. 0-0 0-0 11. Rfe1 Ng6 12. Qc3 Re8 13. Bb5 Bd7 14. Rac1 Rc8 15. Nb3 Nce7 16. Bxd7 Qxd7 17. Qa5 Nf4 18. Re3 Neg6 19. Qg5 h6 20. Qg3 Qb5 21. Rc2 Qa4 22. a3 Qb5 23. Nc1 Re7 24. Nh4 Nxh4 25. Qxh4 Ng6 26. Qg3 Rce8 27. Qf3 Qg5 28. Rce2 Nh4 29. Qh3 Ng6 30. Qf3 Nh4 31. Qg3 Qxg3 32. hxg3 Ng6 33. Nb3 b6 34. Nc1 c5 35. d5 Ne5 1/2-1/2

[Event "SVR-op 34th"]
[Site "Reil"]
[Date "2011.04.23"]
[Round "7"]
[White "Laubenstein, Peter"]
[Black "Bach, Marc Andre"]
[Result "1-0"]
[WhiteElo "1602"]
[BlackElo "1678"]
[PlyCount "81"]
[EventDate "2011.04.16"]
[EventType "swiss"]
[EventRounds "7"]
[EventCountry "GER"]
[SourceTitle "EXT 2013"]
[Source "ChessBase"]
[SourceDate "2012.11.22"]
[SourceVersion "1"]
[SourceVersionDate "2012.11.22"]
[SourceQuality "1"]

1. Nf3 d5 2. g3 Nf6 3. Bg2 e6 4. d3 b6 5. Nbd2 Bb7 6. 0-0 Nbd7 7. Qe1 Bd6 8. e4 Ne5 9. Nxe5 Bxe5 10. exd5 Bd6 11. dxe6 Bxg2 12. exf7+ Kxf7 13. Kxg2 Re8 14. Qd1 Qd7 15. Nc4 Bc5 16. Bf4 Ng4 17. Qf3 Kg8 18. h3 Nf6 19. Rae1 Rf8 20. Qd1 Bd4 21. c3 Bc5 22. b4 Bd6 23. Nxd6 cxd6 24. Qb3+ Kh8 25. Re6 Qc6+ 26. Kg1 Rac8 27. Bxd6 Rg8 28. Be5 Qb5 29. Bxf6 gxf6 30. c4 Qf5 31. c5 Qxh3 32. d4 h5 33. Qe3 Rg6 34. Re8+ Rxe8 35. Qxe8+ Rg8 36. Qe3 Kh7 37. Qf3 Rg4 38. Re1 h4 39. Qf5+ Kg7 40. Re7+ Kh6 41. Rh7# 1-0

[Event "SVR-op 34th"]
[Site "Reil"]
[Date "2011.04.21"]
[Round "4"]
[White "Bach, Marc Andre"]
[Black "Mehlem, Sabine"]
[Result "1/2-1/2"]
[WhiteElo "1678"]
[BlackElo "1509"]
[PlyCount "46"]
[EventDate "2011.04.16"]
[EventType "swiss"]
[EventRounds "7"]
[EventCountry "GER"]
[SourceTitle "EXT 2013"]
[Source "ChessBase"]
[SourceDate "2012.11.22"]
[SourceVersion "1"]
[SourceVersionDate "2012.11.22"]
[SourceQuality "1"]

1. e4 e6 2. d4 b6 3. c4 Bb7 4. Nc3 Bb4 5. d5 Bxc3+ 6. bxc3 e5 7. g3 d6 8. Bg2 Nd7 9. Be3 Qe7 10. Ne2 h6 11. 0-0 Ngf6 12. Qb3 a5 13. Qa4 g5 14. Nc1 g4 15. Nd3 Kd8 16. Ne1 Nc5 17. Bxc5 dxc5 18. Nc2 Ne8 19. Ne3 h5 20. f3 gxf3 21. Rxf3 Nd6 22. Rf2 Rh7 23. Raf1 Bc8 1/2-1/2

[Event "GER-chT U12"]
[Site "Gross Doelln"]
[Date "2010.12.30"]
[Round "7.4"]
[White "Bach, Marc Andre"]
[Black "Yang, Daniel Danyang"]
[Result "1-0"]
[WhiteElo "1434"]
[BlackElo "1076"]
[PlyCount "115"]
[EventDate "2010.12.27"]
[EventType "team-swiss"]
[EventRounds "7"]
[EventCountry "GER"]
[SourceTitle "CBM 140 Extra"]
[Source "ChessBase"]
[SourceDate "2011.03.01"]
[SourceVersion "1"]
[SourceVersionDate "2011.03.01"]
[SourceQuality "1"]
[WhiteTeam "Trier U12"]
[BlackTeam "Porz SG U12"]
[WhiteTeamCountry "GER"]
[BlackTeamCountry "GER"]

1. e4 e5 2. Nf3 Nc6 3. Bc4 Bc5 4. c3 Nf6 5. d4 exd4 6. cxd4 Bb4+ 7. Bd2 Bxd2+ 8. Nbxd2 d5 9. exd5 Nxd5 10. Qb3 Qe7+ 11. Kd1 Nf4 12. Re1 Ne6 13. d5 Ncd8 14. dxe6 Nxe6 15. Nd4 0-0 16. Nxe6 Re8 17. f4 g6 18. f5 fxe6 19. Bxe6+ Bxe6 20. Rxe6 Qf7 21. Rxe8+ Rxe8 22. Qxf7+ Kxf7 23. fxg6+ hxg6 24. Rc1 c6 25. Rc3 Re5 26. Rb3 b6 27. Ra3 a5 28. Rc3 c5 29. Rb3 Re6 30. Nc4 a4 31. Rxb6 Re4 32. Nd6+ Kf6 33. Nxe4+ Kf5 34. Nxc5 g5 35. Nxa4 Kf4 36. Rb4+ Ke3 37. Kc2 Kf2 38. Rg4 Ke3 39. Kc3 Ke2 40. Rg3 Kf2 41. Kd4 g4 42. Ke4 Ke2 43. Rxg4 Kd2 44. Rg3 Ke2 45. Rf3 Kd2 46. Re3 Kc2 47. Rd3 Kb1 48. a3 Kc2 49. Kd4 Kb1 50. b4 Kc2 51. Kc4 Kc1 52. Kc3 Kb1 53. Rd2 Kc1 54. g3 Kb1 55. Rc2 Ka1 56. Kb3 Kb1 57. Nc3+ Ka1 58. Ra2# 1-0

[Event "GER-chT U12"]
[Site "Gross Doelln"]
[Date "2010.12.29"]
[Round "6.3"]
[White "Bach, Marc Andre"]
[Black "Shabani, Shabi"]
[Result "1/2-1/2"]
[WhiteElo "1434"]
[BlackElo "1233"]
[PlyCount "79"]
[EventDate "2010.12.27"]
[EventType "team-swiss"]
[EventRounds "7"]
[EventCountry "GER"]
[SourceTitle "CBM 140 Extra"]
[Source "ChessBase"]
[SourceDate "2011.03.01"]
[SourceVersion "1"]
[SourceVersionDate "2011.03.01"]
[SourceQuality "1"]
[WhiteTeam "Trier U12"]
[BlackTeam "Pforzheim U12"]
[WhiteTeamCountry "GER"]
[BlackTeamCountry "GER"]

1. e4 e5 2. Nf3 Nc6 3. Bc4 Bc5 4. c3 Nf6 5. d4 exd4 6. cxd4 Bb4+ 7. Bd2 Bxd2+ 8. Nbxd2 d5 9. exd5 Nxd5 10. Qb3 Na5 11. Qa4+ c6 12. Bxd5 Qxd5 13. Rc1 b6 14. b4 Nb7 15. Qxc6+ Qxc6 16. Rxc6 Bg4 17. Ke2 0-0 18. Rhc1 Rfe8+ 19. Kf1 h6 20. Ne5 Be6 21. a3 Rac8 22. Rc7 Rxc7 23. Rxc7 Bd5 24. Rd7 Rd8 25. Rc7 a5 26. Ndf3 Nd6 27. Nc6 Nb5 28. Ne7+ Kf8 29. Nxd5 Rxd5 30. Rc4 Nxa3 31. Rc6 Rh5 32. bxa5 bxa5 33. Rc1 Rd5 34. Rc3 Nb5 35. Rc4 Na3 36. Ra4 Nc2 37. Rc4 Na3 38. Ra4 Nc2 39. Rc4 Na3 40. Ra4 1/2-1/2

[Event "GER-chT U12"]
[Site "Gross Doelln"]
[Date "2010.12.29"]
[Round "5.3"]
[White "Schaefer, Matthes"]
[Black "Bach, Marc Andre"]
[Result "1-0"]
[WhiteElo "1387"]
[BlackElo "1434"]
[PlyCount "35"]
[EventDate "2010.12.27"]
[EventType "team-swiss"]
[EventRounds "7"]
[EventCountry "GER"]
[SourceTitle "CBM 140 Extra"]
[Source "ChessBase"]
[SourceDate "2011.03.01"]
[SourceVersion "1"]
[SourceVersionDate "2011.03.01"]
[SourceQuality "1"]
[WhiteTeam "Leipzig BSG Chemie U12"]
[BlackTeam "Trier U12"]
[WhiteTeamCountry "GER"]
[BlackTeamCountry "GER"]

1. e4 d5 2. exd5 Nf6 3. d4 Nxd5 4. Nf3 g6 5. c4 Nb6 6. Nc3 Bf5 7. Qb3 Bc8 8. Be3 Bg7 9. Be2 0-0 10. 0-0 e6 11. Ne4 Nc6 12. Rad1 Qe8 13. Bh6 Qe7 14. Bg5 f6 15. Be3 Nd7 16. d5 exd5 17. cxd5 Qxe4 18. dxc6+ 1-0

[Event "GER-chT U12"]
[Site "Gross Doelln"]
[Date "2010.12.28"]
[Round "3.4"]
[White "Bach, Marc Andre"]
[Black "Soos, Philipp"]
[Result "1-0"]
[WhiteElo "1434"]
[BlackElo "1107"]
[PlyCount "103"]
[EventDate "2010.12.27"]
[EventType "team-swiss"]
[EventRounds "7"]
[EventCountry "GER"]
[SourceTitle "CBM 140 Extra"]
[Source "ChessBase"]
[SourceDate "2011.03.01"]
[SourceVersion "1"]
[SourceVersionDate "2011.03.01"]
[SourceQuality "1"]
[WhiteTeam "Trier U12"]
[BlackTeam "Backnang U12"]
[WhiteTeamCountry "GER"]
[BlackTeamCountry "GER"]

1. e4 e6 2. d4 d5 3. Nd2 c5 4. Ngf3 Nc6 5. Bb5 Bd7 6. exd5 exd5 7. c3 Qb6 8. Qe2+ Nge7 9. c4 dxc4 10. Qxc4 Nxd4 11. Bxd7+ Kxd7 12. Nxd4 cxd4 13. Nf3 Qe6+ 14. Qxe6+ fxe6 15. Nxd4 Nf5 16. Nf3 Bb4+ 17. Bd2 Bxd2+ 18. Kxd2 Rad8 19. Rad1 Ke7+ 20. Ke2 Rxd1 21. Rxd1 Rd8 22. Rxd8 Kxd8 23. Kd3 Ke7 24. b3 Kd6 25. Ke4 b6 26. Nd4 Nxd4 27. Kxd4 b5 28. a3 a5 29. b4 a4 30. h4 e5+ 31. Ke4 Ke6 32. h5 g5 33. hxg6 hxg6 34. g3 g5 35. g4 Kf6 36. Kd5 Ke7 37. Kxe5 Kf7 38. Kf5 Kg8 39. Kxg5 Kg7 40. f4 Kg8 41. f5 Kg7 42. f6+ Kf7 43. Kf5 Kf8 44. g5 Kf7 45. g6+ Kf8 46. Ke6 Ke8 47. g7 Kd8 48. Kd6 Kc8 49. Kc6 Kb8 50. g8Q+ Ka7 51. Qf7+ Ka8 52. Qb7# 1-0

[Event "GER-chT U12"]
[Site "Gross Doelln"]
[Date "2010.12.28"]
[Round "4.4"]
[White "Gressmann, Hanna"]
[Black "Bach, Marc Andre"]
[Result "1-0"]
[WhiteElo "1280"]
[BlackElo "1434"]
[PlyCount "59"]
[EventDate "2010.12.27"]
[EventType "team-swiss"]
[EventRounds "7"]
[EventCountry "GER"]
[SourceTitle "CBM 140 Extra"]
[Source "ChessBase"]
[SourceDate "2011.03.01"]
[SourceVersion "1"]
[SourceVersionDate "2011.03.01"]
[SourceQuality "1"]
[WhiteTeam "Weissensee U12"]
[BlackTeam "Trier U12"]
[WhiteTeamCountry "GER"]
[BlackTeamCountry "GER"]

1. e4 d5 2. exd5 Nf6 3. d4 Nxd5 4. c4 Nb6 5. Nf3 Bg4 6. Be2 Nc6 7. Be3 e6 8. 0-0 Be7 9. d5 exd5 10. Bxb6 cxb6 11. cxd5 Bxf3 12. Bxf3 Ne5 13. Qa4+ Qd7 14. Qxd7+ Kxd7 15. Be4 Bf6 16. Nc3 Nc4 17. Bd3 Nxb2 18. Bb5+ Kc7 19. d6+ Kc8 20. Nd5 Be5 21. Rab1 Rd8 22. Rfc1+ Kb8 23. d7 a6 24. Nxb6 axb5 25. Rc8+ Ka7 26. Rxa8+ Rxa8 27. Nxa8 Bf6 28. Rxb2 Kxa8 29. Rxb5 Kb8 30. Rc5 1-0

[Event "Rheinland Pfalz op 2nd"]
[Site "Schweich"]
[Date "2010.07.18"]
[Round "7"]
[White "Bach, Marc Andre"]
[Black "Nabinger, Matthias Lothar"]
[Result "1-0"]
[WhiteElo "1509"]
[BlackElo "939"]
[PlyCount "41"]
[EventDate "2010.07.16"]
[EventType "swiss"]
[EventRounds "7"]
[EventCountry "GER"]
[SourceTitle "EXT 2012"]
[Source "ChessBase"]
[SourceDate "2011.11.24"]
[SourceVersion "1"]
[SourceVersionDate "2011.11.24"]
[SourceQuality "1"]

1. e4 e5 2. Nf3 Nc6 3. Bc4 g6 4. d3 Bg7 5. Ng5 Nh6 6. Nc3 0-0 7. h4 Qe7 8. h5 d6 9. hxg6 Kh8 10. Nxh7 Bg4 11. f3 Bh5 12. Nxf8 Qxf8 13. Rxh5 fxg6 14. Rh3 Qf6 15. Bxh6 Bxh6 16. Rxh6+ Kg7 17. Rh3 Nd4 18. Nd5 Qf7 19. Nb6 Qf4 20. Nxa8 Qe3+ 21. Kf1 1-0

[Event "Rheinland Pfalz op 2nd"]
[Site "Schweich"]
[Date "2010.07.16"]
[Round "1"]
[White "Bach, Marc Andre"]
[Black "Becking, Franz Josef"]
[Result "1-0"]
[WhiteElo "1509"]
[BlackElo "2027"]
[PlyCount "105"]
[EventDate "2010.07.16"]
[EventType "swiss"]
[EventRounds "7"]
[EventCountry "GER"]
[SourceTitle "EXT 2012"]
[Source "ChessBase"]
[SourceDate "2011.11.24"]
[SourceVersion "1"]
[SourceVersionDate "2011.11.24"]
[SourceQuality "1"]

1. e4 e6 2. d4 d5 3. Nc3 dxe4 4. Nxe4 Nd7 5. Nf3 Ngf6 6. Bg5 Be7 7. Bxf6 Nxf6 8. Bd3 0-0 9. c3 b6 10. Qc2 h6 11. Nxf6+ Bxf6 12. Bh7+ Kh8 13. Be4 Rb8 14. h4 Bb7 15. Bxb7 Rxb7 16. Qe4 Qd5 17. Qxd5 exd5 18. g4 Be7 19. Ne5 c5 20. g5 Bd6 21. Kf1 Bxe5 22. dxe5 Rd7 23. Rd1 Rfd8 24. f4 d4 25. Ke2 dxc3 26. Rxd7 Rxd7 27. bxc3 g6 28. Rd1 Rxd1 29. Kxd1 hxg5 30. hxg5 Kg7 31. Ke2 Kf8 32. Kd3 Ke7 33. Ke4 Ke6 34. c4 a6 35. a4 Ke7 36. f5 gxf5+ 37. Kxf5 Kd7 38. e6+ fxe6+ 39. Kf6 b5 40. axb5 axb5 41. g6 bxc4 42. g7 Kd6 43. g8Q Kd5 44. Qxe6+ Kd4 45. Qe5+ Kd3 46. Qd5+ Kc3 47. Qxc5 Kb3 48. Qb5+ Kc3 49. Ke5 Kd3 50. Qd5+ Kc3 51. Ke4 Kb4 52. Qd2+ Kb5 53. Kd4 1-0

[Event "Rheinland Pfalz op 2nd"]
[Site "Schweich"]
[Date "2010.07.16"]
[Round "3"]
[White "Bach, Marc Andre"]
[Black "Konstantinovskij, Dimitrij"]
[Result "0-1"]
[WhiteElo "1509"]
[BlackElo "1999"]
[PlyCount "54"]
[EventDate "2010.07.16"]
[EventType "swiss"]
[EventRounds "7"]
[EventCountry "GER"]
[SourceTitle "EXT 2012"]
[Source "ChessBase"]
[SourceDate "2011.11.24"]
[SourceVersion "1"]
[SourceVersionDate "2011.11.24"]
[SourceQuality "1"]

1. e4 c5 2. d4 cxd4 3. c3 dxc3 4. Nxc3 Nc6 5. Bc4 e6 6. Nf3 a6 7. 0-0 Qc7 8. Re1 Nge7 9. Bg5 Ng6 10. Rc1 f6 11. Be3 Be7 12. Na4 b5 13. Nb6 Rb8 14. Bxe6 dxe6 15. Nxc8 Rxc8 16. Nd4 Qd7 17. Qc2 Nge5 18. f4 Nc4 19. Nxc6 Rxc6 20. Qc3 Rd6 21. Bc5 Rd3 22. Qb4 a5 23. Bxe7 axb4 24. Bxb4 Kf7 25. b3 Nb2 26. Ba5 Qa7+ 27. Rc5 Qxc5+ 0-1

[Event "GER-ch U14 DEM op"]
[Site "Oberhof"]
[Date "2010.05.28"]
[Round "6"]
[White "Hansch, Stephan"]
[Black "Bach, Marc Andre"]
[Result "1-0"]
[WhiteElo "1832"]
[BlackElo "1298"]
[PlyCount "35"]
[EventDate "2010.05.23"]
[EventType "swiss"]
[EventRounds "7"]
[EventCountry "GER"]
[SourceTitle "CBM 136 Extra"]
[Source "ChessBase"]
[SourceDate "2010.07.02"]
[SourceVersion "2"]
[SourceVersionDate "2010.07.15"]
[SourceQuality "1"]

1. d4 d5 2. Nf3 Bf5 3. e3 e6 4. Be2 Nc6 5. h3 Bd6 6. 0-0 Nf6 7. b3 h5 8. Bb2 h4 9. c4 b6 10. cxd5 exd5 11. Bb5 Bd7 12. Bd3 Ne4 13. Nc3 Bf5 14. Qc2 Nxc3 15. Bxf5 Ne4 16. Qxc6+ Kf8 17. Bxe4 dxe4 18. Qxe4 1-0

[Event "GER-ch U14 DEM op"]
[Site "Oberhof"]
[Date "2010.05.26"]
[Round "4"]
[White "Schramm, Moritz"]
[Black "Bach, Marc Andre"]
[Result "0-1"]
[WhiteElo "1173"]
[BlackElo "1298"]
[PlyCount "90"]
[EventDate "2010.05.23"]
[EventType "swiss"]
[EventRounds "7"]
[EventCountry "GER"]
[SourceTitle "CBM 136 Extra"]
[Source "ChessBase"]
[SourceDate "2010.07.02"]
[SourceVersion "2"]
[SourceVersionDate "2010.07.15"]
[SourceQuality "1"]

1. Nc3 Nc6 2. e4 e5 3. Nf3 Nf6 4. Bb5 Bb4 5. 0-0 0-0 6. d3 d6 7. Nh4 Nxe4 8. dxe4 Qxh4 9. Qe2 Nd4 10. Qd3 a6 11. Ba4 b5 12. Bb3 c5 13. Bd5 Rb8 14. a3 Ba5 15. f4 Bb6 16. Kh1 Bb7 17. f5 Bxd5 18. exd5 f6 19. Ne4 c4 20. Qg3 Qxe4 21. Bh6 Rf7 22. Rae1 Qxc2 23. Rc1 Qxb2 24. Rf2 Qb3 25. Qxb3 Nxb3 26. Rf3 Nxc1 27. Rg3 Ne2 28. Rg4 c3 29. Re4 Nd4 30. Bc1 c2 31. Re1 Rc8 32. g3 Nb3 33. Bb2 c1Q 34. Bxc1 Rxc1 35. Rxc1 Nxc1 36. Kg2 a5 37. Kf3 b4 38. axb4 axb4 39. h4 b3 40. h5 b2 41. g4 b1Q 42. Kg3 Qd3+ 43. Kh4 Ne2 44. h6 Bf2+ 45. Kh5 Qh3# 0-1